00605nam a22002057a 450000500170000001000110001702000100002803500110003803700160004904000120006508200150007711000710009224500650016325000110022826000420023927000110028130000250029265000530031765000290037020170124110249.0 a437301 c00.00 a437301 bCen Lib/Ret aDPLbEN a670.5bIND aGovernment of India, Directorate general of technical development  aHandbook of indigenous manufacturers of engineering stores / a4th ed bManager of Publications aDelhic1964 bDelhi  axix,309p. c22cm(Hb) aManufacturing industries -- India -- Directories aManufacturing industries